Statistics for Generator Puzzle #3

Click here to take the quiz!

General Stats

  • This quiz has been taken 27,547 times
  • The average score is 13 of 21

Answer Stats

HintAnswer% Correct
Small horsePony
95%
Not thickThin
94%
Portion of a yearMonth
91%
Butterfly relativeMoth
86%
Church songHymn
85%
MinusculeTiny
84%
ClueHint
79%
GlossyShiny
71%
Non-venomous snakePython
66%
Sharp-endedPointy
64%
Slightly wetMoist
60%
Tread noisilyStomp
55%
LoudNoisy
47%
Culinary herbMint
45%
Mythological river maidenNymph
45%
Leave outOmit
44%
FakePhony
42%
Raise with ropes and pulleysHoist
38%
Draw off liquidSiphon
35%
Variety of wine grapePinot
23%
9-letter wordHYPNOTISM
9%

Score Distribution

Percentile by Number Answered

Percent of People with Each Score

Your Score History

You have not taken this quiz